| Tag |
First Indicator |
Second Indicator |
Subfields |
| LEADER |
00000cam a2200000 i 4500 |
| 001 |
in00002782618 |
| 005 |
20151202171807.0 |
| 008 |
120718s2012 enkab b 100 0 eng c |
| 020 |
|
|
|a 9781905739554 (Paper)
|
| 020 |
|
|
|a 1905739559 (Paper)
|
| 035 |
|
|
|a (OCoLC)ocn801440886
|
| 040 |
|
|
|a CDX
|e rda
|c CDX
|d YDX
|d YNK
|d CGU
|d BWX
|d UtOrBLW
|
| 043 |
|
|
|a a-jo---
|
| 049 |
|
|
|a TXAM
|
| 050 |
|
4 |
|a DS154.9.P48
|b N333 2012
|
| 082 |
0 |
|
|a 915.6957
|
| 245 |
0 |
4 |
|a The Nabataeans in focus :
|b current archaeological research at Petra : papers from the special session of the Seminar for Arabian Studies held on 29 July 2011 /
|c edited by Laïla Nehmé and Lucy Wadeson.
|
| 264 |
|
1 |
|a Oxford :
|b Archaeopress,
|c 2012.
|
| 300 |
|
|
|a v, 141 pages :
|b illustrations, maps ;
|c 26 cm.
|
| 336 |
|
|
|a text
|b txt
|2 rdacontent
|
| 337 |
|
|
|a unmediated
|b n
|2 rdamedia
|
| 338 |
|
|
|a volume
|b nc
|2 rdacarrier
|
| 490 |
1 |
|
|a Supplement to the Proceedings of the Seminar for Arabian Studies ;
|v volume 42
|
| 504 |
|
|
|a Includes bibliographical references (pages 139-141).
|
| 651 |
|
0 |
|a Petra (Extinct city)
|v Congresses.
|
| 650 |
|
0 |
|a Nabataeans
|v Congresses.
|
| 700 |
1 |
|
|a Nehmé, Laïla.
|
| 700 |
1 |
|
|a Wadeson, Lucy,
|d 1980-
|
| 830 |
|
0 |
|a Proceedings of the Seminar for Arabian Studies ;
|v v. 42.
|
| 945 |
|
|
|a PromptCat
|b 125044
|
| 946 |
|
|
|a stk
|
| 947 |
|
|
|a A14835938112
|
| 948 |
|
|
|a cataloged
|b h
|c 2012/12/17
|d c
|e dmitchel
|f 8:44:16 am
|
| 994 |
|
|
|a 92
|b TXA
|
| 999 |
|
|
|a MARS
|
| 999 |
f |
f |
|s a74c8bec-499c-3cca-b567-6890b04f859a
|i d87c5ca6-0be4-316b-bb26-e5d744a2971f
|t 0
|
| 952 |
f |
f |
|p normal
|a Texas A&M University
|b College Station
|c Sterling C. Evans Library
|d Evans: Library Stacks
|t 0
|e DS154.9.P48 N333 2012
|h Library of Congress classification
|i unmediated -- volume
|m A14835938112
|
| 998 |
f |
f |
|a DS154.9.P48 N333 2012
|t 0
|l Evans: Library Stacks
|